Welcome to CU Library Online Public Access Catalogue (OPAC)

Essentials of anatomy & physiology / (Record no. 2397)

MARC details
000 -LEADER
fixed length control field 00871cam a22002295a 4500
001 - CONTROL NUMBER
control field 14166234
005 - DATE AND TIME OF LATEST TRANSACTION
control field 20241217130826.0
008 - FIXED-LENGTH DATA ELEMENTS--GENERAL INFORMATION
fixed length control field 051109s2007 caua 001 0 eng
020 ## - INTERNATIONAL STANDARD BOOK NUMBER
International Standard Book Number 0805373047
050 00 - LIBRARY OF CONGRESS CALL NUMBER
Classification number QP36
Item number .M42 2007
082 00 - DEWEY DECIMAL CLASSIFICATION NUMBER
Classification number 612
Edition information 23
100 1# - MAIN ENTRY--PERSONAL NAME
Personal name Martini, Frederic H.
245 10 - TITLE STATEMENT
Title Essentials of anatomy & physiology /
Statement of responsibility, etc. Frederic H. Martini, Edwin F. Bartholomew ; with William C. Ober, art coordinator and illustrator ; Claire W. Garrison, illustrator ; Kathleen Welch, clinical consultant ; Ralph T. Hutchings biomedical photographer.
250 ## - EDITION STATEMENT
Edition statement 4th ed.
260 ## - PUBLICATION, DISTRIBUTION, ETC.
Place of publication, distribution, etc. San Francisco :
Name of publisher, distributor, etc. Pearson/Benjamin Cummings,
Date of publication, distribution, etc. c2007.
300 ## - PHYSICAL DESCRIPTION
Extent 1 v. (various pagings) :
Other physical details col. ill. ;
Dimensions 29 cm.
500 ## - GENERAL NOTE
General note Includes index.
650 #0 - SUBJECT ADDED ENTRY--TOPICAL TERM
Topical term or geographic name entry element Human physiology.
650 #0 - SUBJECT ADDED ENTRY--TOPICAL TERM
Topical term or geographic name entry element Human anatomy.
700 1# - ADDED ENTRY--PERSONAL NAME
Personal name Bartholomew, Edwin F.
942 ## - ADDED ENTRY ELEMENTS (KOHA)
Source of classification or shelving scheme Library of Congress Classification
Koha item type Books
Edition 4th ed.
Suppress in OPAC No
999 ## -
-- 2397
-- 2397
Holdings
Withdrawn status Lost status Source of classification or shelving scheme Damaged status Not for loan Collection Home library Current library Shelving location Date acquired Total checkouts Full call number Barcode Date last seen Copy number Price effective from Koha item type
    Library of Congress Classification     Non-fiction Science Library (Miotso) Science Library (Miotso) General stacks 12/17/2024   QP36 .M42 MAR SLM00001678 12/17/2024 1 12/17/2024 Books
© 2023-2024 Copyright: Central University Libraries. All Rights Reserved | Created by: Mahone Tech Office